| 000 | 00733nam a2200133Ia 4500 | ||
|---|---|---|---|
| 008 | 220620s9999||||xx |||||||||||||| ||und|| | ||
| 022 | _a16648714 | ||
| 100 | _aOliver von Bohlen und Halbach||Alberto A. Rasia-Filho||Rochelle S. Cohen | ||
| 245 | 0 | _aFrontiers in Synaptic Plasticity: Dendritic Spines, Circuitries and Behavior | |
| 546 | _aEnglish[eng] | ||
| 650 | _aSynaptic Function||dendritic spine function||neural circuits and behavior||synaptic remodeling||dendritic spine structure||neuroimmune interactions||Synaptic Transmission||sexual dimorphism||psychiatric disorders | ||
| 856 | _uhttp://journal.frontiersin.org/researchtopic/3065/frontiers-in-synaptic-plasticity-dendritic-spines-circuitries-and-behavior | ||
| 942 | _cEB | ||
| 999 |
_c23182 _d23182 |
||